|
|
|
|
| LEADER |
00000nam2a2200000 4500 |
| 001 |
356025 |
| 005 |
20231102010844.0 |
| 035 |
|
|
|a (RuTPU)RU\TPU\retro\13285
|
| 035 |
|
|
|a RU\TPU\retro\13201
|
| 090 |
|
|
|a 356025
|
| 100 |
|
|
|a 20200714d1962 k y0rusy50 ca
|
| 101 |
0 |
|
|a rus
|
| 102 |
|
|
|a RU
|
| 105 |
|
|
|a a z 001zy
|
| 200 |
0 |
|
|a Вып. 39 : Исследования в области электровакуумных материалов
|e [сборник]
|f под ред. Т. И. Мельниковой
|
| 210 |
|
|
|d 1962
|
| 215 |
|
|
|a 118 с.
|c ил.
|
| 320 |
|
|
|a Библиогр. в конце ст.
|
| 461 |
|
1 |
|0 (RuTPU)RU\TPU\book\349137
|t Труды Московского химико-технологического института им. Д. И. Менделеева
|f Московский химико-технологический институт им. Д. И. Менделеева (МХТИ)
|v Вып. 39 : Исследования в области электровакуумных материалов
|d 1932-1989
|
| 606 |
1 |
|
|a Электровакуумные материалы
|x Анализ
|2 stltpush
|3 (RuTPU)RU\TPU\subj\19733
|9 44904
|
| 610 |
1 |
|
|a исследования
|
| 610 |
1 |
|
|a диспропорционирование
|
| 610 |
1 |
|
|a твердые фазы
|
| 610 |
1 |
|
|a люминофоры
|
| 610 |
1 |
|
|a самоактивация
|
| 610 |
1 |
|
|a активаторы
|
| 610 |
1 |
|
|a электропроводность
|
| 610 |
1 |
|
|a бинарные соединения
|
| 675 |
|
|
|a 621.385.002.3
|v 4
|
| 702 |
|
1 |
|a Мельникова
|b Т. И.
|4 340
|
| 801 |
|
1 |
|a RU
|b 63413507
|c 20161110
|
| 801 |
|
2 |
|a RU
|b 63413507
|c 20200714
|g RCR
|
| 942 |
|
|
|c BK
|